Medzinárodné účtovné štandardy a medzinárodné štandardy finančného vykazovania - IAS/IFRS ako komplexná nadnárodná úprava konsolidácie účtovnej závierky dizertačná práca

Na minha lista:
Detalhes bibliográficos
Autor principal: Parajka, Branislav, 1981-
Autor Corporativo: Fakulta hospodárskej informatiky EU. Katedra účtovníctva a audítorstva
Outros Autores: Hvoždarová, Jana
Formato: Livro
Idioma:eslovaco
Publicado em: Bratislava 2009
Assuntos:
Tags: Adicionar Tag
Sem tags, seja o primeiro a adicionar uma tag!

MARC

LEADER 00000nam$a2200000$$$4500
001 0104179
005 20240502072135.5
041 0 |a slo 
044 |a SK 
245 1 0 |a Medzinárodné účtovné štandardy a medzinárodné štandardy finančného vykazovania - IAS/IFRS ako komplexná nadnárodná úprava konsolidácie účtovnej závierky  |b dizertačná práca  |c Branislav Parajka ; škol. Jana Hvoždarová 
264 1 |a Bratislava  |c 2009 
300 |a 145 s. 
610 2 0 |a štandardy účtovné medzinárodné 
610 2 0 |a výkazy finančné 
610 2 0 |a závierka účtovná konsolidovaná 
610 2 0 |a IAS/IFRS 
100 1 |a Parajka, Branislav, 1981- 
700 1 |a Hvoždarová, Jana 
710 2 |a Fakulta hospodárskej informatiky EU. Katedra účtovníctva a audítorstva